000 00492nam a2200193Ia 4500
008 220216s9999 xx 000 0 und d
100 _aOng Seng Huat
245 0 _aMultilateral exchange clone trials (1974): Final report
260 _bPlanters Bulletin
_c1998
300 _a16-Mar
700 _aAnthonysamy A
700 _aCheng Piang Wah
700 _aJayasunthar K
700 _aMohd Aini Daub
700 _aRamli Othman
700 _aShaariI
700 _aYunos K
942 _cJS
999 _c63342
_d63342